000 00524nam a22001817a 4500
003 UA-OsUOA
001 13815
007 ta
008 20030622b un ||||| |||| 00| 0 ukr d
100 _aМініч Н.
942 _cSA
040 _aUA-OsUOA
_cUA-OsUOA
_dUA-OsUOA
245 _aДощ, що залишає слід
_b[Новела]
300 _aС.6
955 _a0
773 0 _w0
_tРівненський кооператор
_dРівне
_d2003
_g№17/18/25 квіт./
650 7 _aКраєзнавча робота
_2UDC
999 _c299976
_d299976